000 00966nam a22003137a 4500
001 4298678
003 OSt
005 20210426124536.0
008 860422r1986 nyu 000 1 eng
010 _a 86045273
020 _a039455583X
040 _aDLC
_cDLC
_dDLC
050 0 0 _aPR6060.A467
_bT3 1986
080 _a821.111
_bJ-22
082 0 0 _a823/.914
_219
100 1 _aJames, P. D.
245 1 2 _aA taste for death /
_cP.D. James.
250 _a1st American ed.
260 _aNew York :
_bKnopf,
_c1986.
300 _a459 p. ;
_c25 cm.
600 1 0 _aDalgliesh, Adam
_c(Fictitious character)
_vFiction.
650 0 _aCabinet officers
_xCrimes against
_vFiction.
650 0 _aTramps
_xCrimes against
_vFiction.
650 0 _aPolice
_zEngland
_vFiction.
653 _aინგლისური ლიტერატურა
655 7 _aDetective and mystery stories.
_2gsafd
906 _a7
_bcbc
_corignew
_d1
_eocip
_f19
_gy-gencatlg
942 _2udc
_cBK
999 _c1063
_d1063